| 000 | 01276nam a22002655i 4500 | ||
|---|---|---|---|
| 001 | 155423 | ||
| 003 | ES-MaACL | ||
| 005 | 20250806085757.0 | ||
| 008 | 990429m17841785fr f |||| | fre d | ||
| 040 |
_aM-RACE _bspa _cM-RACE _dCCPB | B |
||
| 100 | 1 |
_aHévin, Prudent. _9128125 |
|
| 245 | 1 | 0 |
_aCours de pathologie et de thérapeutique chirurgicales / _cpar M. Hévin. |
| 250 | _aNouvelle édition, augmentée de remarques & observations importantes. | ||
| 260 |
_aA Paris : _bchez Méquignon, l'aîné ..., _c1785 ( _fde l'Imprimerie de Clousier ..., _g1784) |
||
| 300 |
_aXVI, [10], 942 p., [1] h. de lám. ; _c8º. |
||
| 594 | 1 | _aNombre del autor después de la mención de edición. | |
| 596 | 1 | _aNombre del impresor y fecha de impresión tomados del colofón del vol. 2. | |
| 597 | 1 | _aSign.: a\p9\s, A-Z\p8\s, 2A-2E\p8\s ; [pi]\p2\s, 2F-2Z\p8\s, 3A-3M\p8\s, 3N\p10\s. | |
| 650 | 4 |
_aCirugía- _vObras anteriores a 1800 _911057 |
|
| 700 | 1 | 1 |
_aMéquignon, Nicolas Toussaint, _d1744-1830 _eimp. _9130357 |
| 700 | 1 | 1 |
_aClousier, Jacques Gabriel, _eimp. _9126518 |
| 752 |
_aFrancia - _dParís |
||
| 852 |
_aES-MaACL _jR-1438 _z-- Enc. pasta española _q-- Sólo seconde partie ([4], [449]-942, [6] p.) _x Olim: G-14111 |
||
| 999 |
_c155423 _d155423 |
||